| 000 | 00461nam a2200109Ia 4500 | ||
|---|---|---|---|
| 008 | 171204s9999 xx 000 0 und d | ||
| 245 | _aSecurity and Auditing of Smart Devices: Managing Proliferation of Confidential Data on Corporate and BYOD Devices (Internal Audit and IT Audit) | ||
| 245 | _cPhilip Chukwuma, Richard Cozart, and Sajay Rai | ||
| 260 | _c2016 | ||
| 650 | _xAUDITING IN CIS ENVIRONMENT | ||
| 856 | _uhttp://down.ebook777.com/048/9781498738835.pdf | ||
| 999 |
_c345652 _d345652 |
||